[Recuerdo de Federico Degateu (Record no. 56923)

MARC details
000 -LEADER
campo de control de longitud fija 00634nam a2200169 i 4500
001 - NÚMERO DE CONTROL
campo de control 56923
003 - IDENTIFICADOR DE NÚMERO DE CONTROL
campo de control ES-MaACL
005 - FECHA Y HORA DE LA ÚLTIMA TRANSACCIÓN
campo de control 20230906163457.0
007 - CAMPO FIJO DE DESCRIPCIÓN FÍSICA--INFORMACIÓN GENERAL
campo de control de longitud fija t|
008 - DATOS DE LONGITUD FIJA--INFORMACIÓN GENERAL
campo de control de longitud fija 170120s1914 sp ||||1| spa d
245 01 - MENCIÓN DEL TÍTULO
Título [Recuerdo de Federico Degateu
Resto del título : colección de artículos publicados a la muerte de Federico Degateu en diveros periódicos de España y Puerto Rico junto con extractos de sus escritos].
260 ## - PUBLICACIÓN, DISTRIBUCIÓN, ETC.
Lugar de publicación, distribución, etc. [S.l. :
Nombre del editor, distribuidor, etc. s.n.,
Fecha de publicación, distribución, etc. 1914?]
300 ## - DESCRIPCIÓN FÍSICA
Extensión [20] p. :
Otras características físicas il. ;
Dimensiones 31 cm.
500 ## - NOTA GENERAL
Nota general Sin portada, datos tomados de la publicación.
600 04 - PUNTO DE ACCESO ADICIONAL DE MATERIA--NOMBRE DE PERSONA
Nombre de persona Degetau y González, Federico.
9 (RLIN) 43218
852 ## - LOCALIZACIÓN
Ubicación ES-MaACL
Número de control de estantería T-1400-F-15
Holdings
Estatus retirado Estado de pérdida Estado de daño No para préstamo Colección Biblioteca de origen Biblioteca actual Ubicación en estantería Fecha de adquisición Fuente de adquisición Total de préstamos Signatura topográfica completa Código de barras Visto por última vez Precio de reemplazo Tipo de ítem Koha
        Colección de folletos Biblioteca del Ateneo de Madrid Biblioteca del Ateneo de Madrid Depósito folletos 20/01/2017     T-1400-F-15 1196898 23/02/2023 23/02/2023 Folleto